<?xml version="1.0" encoding="UTF-8"?>
<record
    xmlns:xsi="http://www.w3.org/2001/XMLSchema-instance"
    xsi:schemaLocation="http://www.loc.gov/MARC21/slim http://www.loc.gov/standards/marcxml/schema/MARC21slim.xsd"
    xmlns="http://www.loc.gov/MARC21/slim">

  <leader>01217nam a22001817a 4500</leader>
  <controlfield tag="003">IT-RoPau</controlfield>
  <controlfield tag="005">20220918175937.0</controlfield>
  <controlfield tag="008">121219b        xxu||||| |||| 00| 0 eng d</controlfield>
  <datafield tag="040" ind1=" " ind2=" ">
    <subfield code="c">IT-RoPau</subfield>
  </datafield>
  <datafield tag="100" ind1=" " ind2=" ">
    <subfield code="a">James [Giacomo] Alberione</subfield>
    <subfield code="q">Fondatore Famiglia Paolina</subfield>
    <subfield code="9">88</subfield>
  </datafield>
  <datafield tag="245" ind1=" " ind2=" ">
    <subfield code="a">Religious Life. Life of courageous Souls</subfield>
    <subfield code="b">Extracts from Meditations and conference of. Very Rev. James Alberione, SSP., S.T.D. to the religious of his five congregation. Compiled and Translated from the Italian by Daughters of St. Paul</subfield>
  </datafield>
  <datafield tag="250" ind1=" " ind2=" ">
    <subfield code="a">I</subfield>
  </datafield>
  <datafield tag="260" ind1=" " ind2=" ">
    <subfield code="a">Boston</subfield>
    <subfield code="b">FSP</subfield>
    <subfield code="c">1957</subfield>
  </datafield>
  <datafield tag="300" ind1=" " ind2=" ">
    <subfield code="a">107 p.</subfield>
    <subfield code="c">21,5 cm</subfield>
  </datafield>
  <datafield tag="490" ind1=" " ind2=" ">
    <subfield code="a">I</subfield>
    <subfield code="v">I</subfield>
  </datafield>
  <datafield tag="520" ind1=" " ind2=" ">
    <subfield code="a">                            CONTENTS

The Religious State
Living Virtues
The True Vocation
Means of Santification
Evangelical Poverty
Heroic Chastity 
Total Obedience
Community Life
Christ's Reward to his Followers
Religious Fortitude
Holy Joy
The Apostolical Soul
Sanctification of the Mind
Mary, Queen of Apostles
"The Hundredfold" - Superabundance
Holy Father's Prayer for Vocations
Archbishop Cushing's Prayer for Vocations
Chaplet to Jesus,the Divine Master
Prayer for Vocations to Mary,Queen of Apostles
Consecration to Mary Most Holy, Queen of Apostles   </subfield>
  </datafield>
  <datafield tag="942" ind1=" " ind2=" ">
    <subfield code="2">ddc</subfield>
    <subfield code="c">BK</subfield>
  </datafield>
  <datafield tag="999" ind1=" " ind2=" ">
    <subfield code="c">37699</subfield>
    <subfield code="d">37699</subfield>
  </datafield>
  <datafield tag="952" ind1=" " ind2=" ">
    <subfield code="0">0</subfield>
    <subfield code="1">0</subfield>
    <subfield code="2">ddc</subfield>
    <subfield code="4">0</subfield>
    <subfield code="6">P_A8</subfield>
    <subfield code="7">1</subfield>
    <subfield code="a">PAULUS</subfield>
    <subfield code="b">PAULUS</subfield>
    <subfield code="d">2012-12-19</subfield>
    <subfield code="l">0</subfield>
    <subfield code="o">P A8</subfield>
    <subfield code="r">2012-12-19 00:00:00</subfield>
    <subfield code="w">2012-12-19</subfield>
    <subfield code="y">BK</subfield>
  </datafield>
</record>
